000 00523nam a2200181Ia 4500
008 140626s9999 xx 000 0 und d
100 _aKistruck, Geoffrey.
245 _aGeographic and product diversification in charitable organizations /
_cGeoffrey Kistruck ... [et al.].
260 _cc2013.
300 _a39 : 2, page 496
440 _aJournal of Management
521 _aBSBA
650 _aCharities.
650 _aDiversification.
650 _aInternationalization.
650 _aNonprofit.
942 _cSE
999 _c121019
_d121019